<?xml version="1.0" encoding="UTF-8"?>
<record
    xmlns:xsi="http://www.w3.org/2001/XMLSchema-instance"
    xsi:schemaLocation="http://www.loc.gov/MARC21/slim http://www.loc.gov/standards/marcxml/schema/MARC21slim.xsd"
    xmlns="http://www.loc.gov/MARC21/slim">

  <leader>01966nam a2200217 a 4500</leader>
  <datafield tag="090" ind1=" " ind2=" ">
    <subfield code="a">IAVH</subfield>
    <subfield code="b">00640</subfield>
  </datafield>
  <datafield tag="041" ind1=" " ind2=" ">
    <subfield code="a">spa</subfield>
  </datafield>
  <datafield tag="100" ind1=" " ind2=" ">
    <subfield code="a">Fern&#xE1;ndez Mu&#xF1;oz, Mar&#xED;a Adelaida</subfield>
    <subfield code="9">5210</subfield>
  </datafield>
  <datafield tag="245" ind1=" " ind2=" ">
    <subfield code="a">Estrategia financiera del Parque Municipal Natural Campoalegre</subfield>
    <subfield code="b">Incentivos para la reconversi&#xF3;n de la ganader&#xED;a en la cuenca alta del r&#xED;o Campoalegre</subfield>
  </datafield>
  <datafield tag="260" ind1=" " ind2=" ">
    <subfield code="a">Bogot&#xE1;</subfield>
    <subfield code="b">Instituto Alexander von Humboldt</subfield>
    <subfield code="c">2005</subfield>
  </datafield>
  <datafield tag="300" ind1=" " ind2=" ">
    <subfield code="a">136 p.</subfield>
  </datafield>
  <datafield tag="520" ind1=" " ind2=" ">
    <subfield code="a">La primera parte describe los antecedentes que llevaron a la creaci&#xF3;n del PMN Campoalegre;  las principales caracter&#xED;sticas biof&#xED;sicas de la zona donde est&#xE1; ubicado el PMN Campoalegre, sus actores y sus organizaciones en torno a los recursos naturales que all&#xED; se encuentran; y los principales planes y programas establecidos dentro del Plan de Manejo del parque con una primera propuesta para lograr establecer un flujo financiero sostenible en el largo plazo. La segunda parte presenta un an&#xE1;lisis sobre la viabilidad econ&#xF3;mica e institucional de los instrumentos de pol&#xED;tica para la conservaci&#xF3;n y uso sostenible de la biodiversidad en el municipio de Santa Rosa; analiza la problem&#xE1;tica entre ganader&#xED;a y medio ambiente; describe la ganader&#xED;a en la regi&#xF3;n cafetera, particularmente en el departamento de Risaralda; caracteriza los sistemas productivos ganaderos de Santa Rosa; hace una descripci&#xF3;n biof&#xED;sica del &#xE1;rea de estudio y analiza los impactos de la ganader&#xED;a sobre el medio ambiente local; finalmente presenta una clasificaci&#xF3;n de los principales instrumentos de pol&#xED;tica vigentes y analiza su posible utilidad para fomentar la reconversi&#xF3;n ganadera en la zona.</subfield>
  </datafield>
  <datafield tag="650" ind1=" " ind2=" ">
    <subfield code="a">Conservaci&#xF3;n</subfield>
    <subfield code="9">92401</subfield>
  </datafield>
  <datafield tag="650" ind1=" " ind2=" ">
    <subfield code="a">Biodiversidad</subfield>
    <subfield code="9">92204</subfield>
  </datafield>
  <datafield tag="650" ind1=" " ind2=" ">
    <subfield code="a">Ganader&#xED;a</subfield>
    <subfield code="9">92436</subfield>
  </datafield>
  <datafield tag="650" ind1=" " ind2=" ">
    <subfield code="a">Incentivos</subfield>
    <subfield code="9">92522</subfield>
  </datafield>
  <datafield tag="650" ind1=" " ind2=" ">
    <subfield code="a">Reconversi&#xF3;n ganadera</subfield>
    <subfield code="9">3320</subfield>
  </datafield>
  <datafield tag="650" ind1=" " ind2=" ">
    <subfield code="a">Cuencas hidrogr&#xE1;ficas</subfield>
    <subfield code="9">92255</subfield>
  </datafield>
  <datafield tag="650" ind1=" " ind2=" ">
    <subfield code="a">Parques Municipales Naturales</subfield>
    <subfield code="9">92523</subfield>
  </datafield>
  <datafield tag="650" ind1=" " ind2=" ">
    <subfield code="a">Planes de manejo y conservaci&#xF3;n</subfield>
    <subfield code="9">92524</subfield>
  </datafield>
  <datafield tag="999" ind1=" " ind2=" ">
    <subfield code="c">6147</subfield>
    <subfield code="d">6147</subfield>
  </datafield>
</record>
